00978namaa2200205 i 4500001000700000003000900007005001700016008004100033100004000074245012500114260003300239300003200272490010400304651004500408651004500453830010900498852002100607999001900628952012500647177710ES-MaACL20260306063017.0110413s1882 fr | |||| ||fre d1 aLeroux, Alfred, d1855-1921914617110aRecherches critiques sur les relations politiques de la France avec l'Allemagne, de 1292 à 1378 / cpar Alfred Leroux. aParis : bF. Vieweg, c1882. aXI 288 p. [2] h. ; c25 cm.1 aBibliothéque de l'école des hautes études. Sciences philologiques et historiques ; vfasc. 50 aFrancia-xRelaciones-zAlemania.9146172 aAlemania-xRelaciones-zFrancia.914617300aBibliothèque de l'École des Hautes Études. Sciences historiques et philologiquesvfasc. 509229685 aES-MaACLjC-7586 c177710d177710 001040708LIBXIXaATENEOMbATENEOMcSPALd2011-04-13eCOMl0oC-7586p1186661r2023-02-23 00:00:00w2023-02-23yMONANT